000 00535nam a2200193Ia 4500
003 GCL
008 140319s9999 xx 000 0 ara d
040 _aGCL /
_cGCL
082 0 4 _a808.83
_bغ م
100 1 _aمحمد مندور
245 1 0 _aمدام بوفارى /
_cمحمد مندور
700 1 _aفلوبير غوستاف
300 _a476 ص
490 _a
650 0 4 _aالادب
650 0 4 _aالقصص الانجليزية المترجمة
650 0 4 _aالادب العالمى المترجم
942 _2ddc
_cBK
999 _c38274
_d38274